World Series MVPs since 2000 - Statistics

General Stats
  • This quiz has been taken 17 times
  • The average score is 14 of 26
Answer Stats
Year Team Player % Correct
2024 Dodgers Freddie Freeman
100%
2023 Rangers Corey Seager
85%
2019 Nationals Stephen Strasburg
85%
2001 (split) Diamondbacks Randy Johnson
77%
2020 Dodgers Corey Seager
69%
2022 Astros Jeremy Pena
69%
2021 Braves Jorge Soler
69%
2014 Giants Madison Bumgarner
69%
2011 Cardinals David Freese
62%
2000 Yankees Derek Jeter
62%
2001 (split) Diamondbacks Curt Schilling
54%
2013 Red Sox David Ortiz
54%
2017 Astros George Springer
54%
2004 Red Sox Manny Ramirez
46%
2015 Royals Salvador Perez
46%
2018 Red Sox Steve Pearce
46%
2016 Cubs Ben Zobrist
38%
2008 Phillies Cole Hamels
38%
2009 Yankees Hideki Matsui
38%
2002 Angels Troy Glaus
38%
2006 Cardinals David Eckstein
31%
2010 Giants Edgar Renteria
31%
2005 White Sox Jermaine Dye
31%
2007 Red Sox Mike Lowell
31%
2012 Giants Pablo Sandoval
31%
2003 Marlins Josh Beckett
15%
No matching quizzes found
Score Distribution
Percent of People with Each Score
Percentile by Number Answered
Your Score History
You have not taken this quiz